[Event "Portugal Open 2020"]
[Site "Lisbon"]
[Date "2020.01.30"]
[Round "7.8"]
[White "Alshameary Puente, Ismael"]
[Black "Arizmendi Martinez, Julen Luis"]
[Result "0-1"]
[WhiteElo "2385"]
[BlackElo "2505"]
[Annotator "TA"]
[PlyCount "66"]
[EventDate "2020.01.25"]
[EventType "swiss"]
[EventCountry "POR"]
[SourceTitle "playchess.com"]
[Source "ChessBase"]
[SourceQuality "1"]

{[%evp 14,66,55,56,69,68,81,27,34,18,32,36,52,43,41,18,29,41,104,28,43,0,81,-39,-35,-47,-42,-41,-47,-45,-22,-53,-32,-68,-84,-163,-132,-183,-112,-222,-225,-342,-322,-657,-670,-931,-664,-1075,-1066,-1064,-1076,-1062,-970,-901,-649]} 1. d4 Nf6 2. c4 c5 3. d5 g6 4. Nc3 Bg7 5. e4 d6 6. Nge2 O-O 7. Ng3 e6 8. Be2 h5 {E70: King's Indian: Miscellaneous lines with 4 e4, including 5 Nge2 and 5 Bd3 0-0 6 Nge2} 9. Bg5 Qb6 10. Rb1 (10. Qc1 $16) 10... Nh7 {[#] White has an edge.} 11. Be3 $146 ({Predecessor:} 11. Bf4 h4 12. Nf1 e5 13. Be3 f5 14. exf5 gxf5 15. f4 Nd7 16. Nd2 Qd8 17. O-O {1-0 (75) Ovsejevitsch,S (2545)-Szelag,M (2472) Legnica 2006}) 11... h4 12. Nf1 exd5 13. Nxd5 Qd8 14. Nd2 Nc6 15. h3 f5 ({Black should play} 15... Bd4 $14) 16. Bd3 (16. O-O $16) 16... Ne5 $1 $11 {[%cal Re5d3]} 17. Be2 f4 (17... Nc6 $1 $11 {remains equal.}) 18. Nxf4 (18. Bxf4 $16 Rxf4 19. Nxf4) 18... Qg5 $15 19. Nf3 $1 Nxf3+ 20. Bxf3 Rxf4 21. Qxd6 {[%mdl 64] [#] Double Attack, Pin} Be5 22. Qd5+ Kg7 23. Qxc5 Be6 24. Qb5 (24. b3 $17) 24... Rc8 $19 {[%cal Ba8c8,Bc8c7,Bc7f7][%mdl 32]} 25. Rc1 (25. Rd1 $17 {was worth a try.}) 25... Qf6 (25... Rc7 $19 26. c5 Qf6) 26. Bxf4 (26. Be2 $17) 26... Qxf4 27. Ke2 (27. Rc2 $142) 27... Rc7 28. b3 $2 {[#]} (28. Qb3) 28... Ng5 {Black is clearly winning.} ({Less strong is} 28... Rd7 29. Rcd1 $15) 29. Rhd1 Rf7 {[%cal Rg5f3]} 30. Rd3 Bxh3 ({Worse is} 30... Qxc1 31. Qxe5+ Kh6 32. Qh8+ Nh7 33. Qe5 $11) 31. Qc5 Nxf3 (31... Qxc1 $2 32. Qxe5+ Kh7 33. Rd8 $17) 32. gxf3 Bg2 33. Qe3 h3 {Accuracy: White = 32%, Black = 74%.} 0-1

[Event "Portugal Open 2020"]
[Site "Lisbon"]
[Date "2020.01.30"]
[Round "7.9"]
[White "Janik, Igor"]
[Black "Bashirli, Nail"]
[Result "1-0"]
[WhiteElo "2453"]
[BlackElo "2379"]
[Annotator "TA"]
[PlyCount "137"]
[EventDate "2020.01.25"]
[EventType "swiss"]
[EventCountry "POR"]
[SourceTitle "playchess.com"]
[Source "ChessBase"]
[SourceQuality "1"]

{[%evp 24,137,12,11,32,32,54,28,33,20,55,56,58,56,109,59,47,45,47,43,111,83,82,79,97,39,46,50,54,43,38,31,118,108,118,112,125,125,115,105,175,188,200,200,221,175,175,175,173,158,188,187,188,188,188,188,206,169,188,195,323,312,506,328,277,209,491,191,205,188,212,182,204,193,263,261,356,349,433,424,471,572,670,685,666,670,616,604,590,579,845,891,894,880,1295,3972,3992,3992,3992,3992,3537,3196,2988,2881,2525,2463,2304,2220,1718,1654,29970,29971,29970,29972,29965,29956]} 1. e4 c5 2. Nf3 d6 3. d4 cxd4 4. Nxd4 Nf6 5. Nc3 Nc6 6. Bg5 e6 7. Qd2 a6 8. O-O-O Bd7 9. f4 Be7 10. Nf3 b5 11. Bxf6 gxf6 12. Bd3 Qb6 13. Kb1 O-O-O {B69: Sicilian: Richter-Rauzer: 7...a6 8 0-0-0 Bd7 9 f4 Be7 10 Nf3 b5 11 Bxf6} (13... b4 $5 {[%cal Rb4c3]} 14. Na4 Qa7 $14) 14. Rhe1 Kb7 15. f5 {[#]} Ne5 $146 {White has an edge.} ({Predecessor:} 15... Rc8 16. Ne2 Na5 17. Nf4 Ka7 18. c3 Rc7 19. Bc2 Rhc8 20. fxe6 fxe6 21. Nd4 b4 22. cxb4 {0-1 (36) Klovans,J (2492)-Enders,P (2478) Leinfelden 2000}) 16. Ne2 {[%cal Bc3e2,Be2f4,Bf4h5][%mdl 32]} Rhg8 17. Nf4 Bf8 {aiming for ...Nxf3.} 18. Nh5 Ng4 (18... Be7 $14) 19. Bf1 (19. h3 {with more complications.} Bh6 20. Qc3 Nf2 21. Qxf6 Nxd1 22. Rxd1 Be3 23. Qxf7 Qc7 24. Re1) 19... Bh6 20. Qxd6 (20. Qb4 {is interesting.} exf5 21. h3 Ne3 22. Nxf6 Nxd1 23. Rxd1 Rgf8 24. Nxd7 Rxd7 25. a4) 20... Qxd6 21. Rxd6 {Hoping for h3.} exf5 (21... Bc6 $14 22. Rxd8 Rxd8) 22. Nxf6 Nxf6 23. Rxf6 {[%mdl 64] Double Attack} fxe4 24. Rxe4 (24. Rxh6 $16 exf3 25. gxf3) 24... Be6 $1 $14 {[%cal Rd8d1]} 25. Bd3 Rg6 26. Rxg6 $1 hxg6 27. a4 Bf8 (27... Kb6 $14) 28. axb5 $16 axb5 29. Re1 Bd7 30. Ne5 Be8 31. g4 Bg7 {[#]} (31... Bd6 $16 {was necessary.}) 32. Nxg6 $1 $18 {[%mdl 512]} Kc7 (32... fxg6 33. Re7+) 33. Nf4 Kd6 34. Nh5 Be5 35. Ng3 Bd7 36. Ne4+ Kc6 37. Ng5 Bxh2 38. Nxf7 Re8 {[#]} 39. Rh1 $1 Bf4 40. Rf1 Bc7 41. g5 Bh3 (41... Re3 $142 42. g6 Rg3) 42. Rf6+ Re6 $2 (42... Kc5 43. g6 Rg8) 43. Rh6 Bg4 44. c3 {And now Kc2 would win.} Kd5 $2 (44... Kd7 {keeps fighting.} 45. Kc2 (45. Bxb5+ Ke7 $18) 45... Re1 46. Bxb5+ Ke7) 45. Rh1 $2 (45. g6 {Black must now prevent g7.} Re1+ 46. Ka2) 45... Re3 46. Kc2 Rg3 47. g6 Rg2+ 48. Kb1 b4 (48... Rg3 $142) 49. cxb4 Be6 50. Rc1 Kd4 51. Rd1 ({Weaker is} 51. Rxc7 Kxd3 52. b5 Kd4 $18) 51... Ke3 52. Re1+ Kxd3 53. Rxe6 {[%mdl 4096] Endgame KRB-KRN} Bf4 54. Rc6 Be3 55. Ne5+ Kd4 56. Nc4 Rg1+ 57. Ka2 Kd5 58. b5 ({Inferior is} 58. Nxe3+ Kxc6 59. Nf5 Kd7 $11) 58... Bc5 59. Nb6+ Bxb6 60. Rxb6 {KR-KR} Kc5 61. Rf6 {b6 would kill now.} Kxb5 62. Kb3 Rg3+ 63. Kc2 Kc4 64. Kd2 Kd4 65. Ke2 Ke5 66. Rb6 Ke4 67. Kf2 {White mates.} Rg5 68. Rb4+ Kd3 {[#]} 69. Rb3+ $1 {Accuracy: White = 80%, Black = 52%.} 1-0

[Event "Portugal Open 2020"]
[Site "Lisbon"]
[Date "2020.01.30"]
[Round "7.10"]
[White "Stachowiak, Kamil"]
[Black "Taboas Rodriguez, Daniel"]
[Result "1/2-1/2"]
[WhiteElo "2446"]
[BlackElo "2348"]
[Annotator "TA"]
[PlyCount "127"]
[EventDate "2020.01.25"]
[EventType "swiss"]
[EventCountry "POR"]
[SourceTitle "playchess.com"]
[Source "ChessBase"]
[SourceQuality "1"]

{[%evp 9,127,28,35,5,12,-16,-19,-14,2,0,0,-29,-29,-33,-10,-54,-41,-41,-14,-22,-25,-24,0,-5,52,66,60,54,47,55,34,53,60,28,28,20,23,23,20,19,24,18,22,27,72,62,60,61,73,26,26,26,57,39,87,87,112,110,112,12,121,120,120,116,128,98,186,52,108,91,249,271,250,251,425,418,323,44,66,11,27,45,45,44,80,22,22,2,4,0,0,0,0,0,0,0,8,0,0,0,0,-66,-66,-71,-72,-83,-83,-112,-104,-5308,-6160,-5484,-4099,-717,0,0,0,0,0,0]} 1. d4 Nf6 2. Nf3 g6 3. g3 b6 4. Bg2 Bb7 5. O-O Bg7 6. a4 {A49: 1 d4 Nf6 2 Nf3 g6 3 g3: Anti-King's Indian systems} O-O 7. a5 c5 8. c3 cxd4 9. cxd4 {[#]} bxa5 $146 ({Predecessor:} 9... Na6 10. axb6 Qxb6 11. Nc3 d6 12. Na4 Qb5 13. Nc3 Qb6 14. Na4 Qc7 15. Bd2 Ne4 {0-1 (67) Chan,K (2293)-Jumabayev,R (2625) Xingtai 2019}) 10. Nbd2 Nc6 11. Nb3 d6 12. Re1 Qb6 13. e4 Nb4 14. d5 $1 Ng4 15. Nfd4 Ne5 16. Bf1 Ned3 (16... Ba6 $11) 17. Bxd3 $14 Bxd4 18. Nxd4 Qxd4 19. Bf1 Qxd1 20. Rxd1 Ba6 21. Bxa6 Nxa6 22. Be3 Rfb8 23. Rxa5 Nc7 24. Rc1 Rb7 25. Ra4 f6 26. Rac4 Nb5 27. h4 Kf7 28. Kg2 Rd8 29. Rb4 Rdb8 30. Ra1 $36 {[%mdl 2048] White has some pressure.} Ke8 31. g4 Kf7 32. Kg3 Rc8 33. g5 Rcb8 34. Kg4 ({White should play} 34. gxf6 $16 exf6 35. Bxa7) 34... Rc8 (34... f5+ $1 $11 {keeps the balance.} 35. exf5 Nc7 36. fxg6+ hxg6 37. Rf4+ Kg8) 35. h5 gxh5+ 36. Kxh5 Rg8 37. f4 Rbb8 (37... fxg5 $16 38. fxg5 Ra8) 38. Rc1 (38. gxf6 $18 Rg2 39. fxe7) 38... a6 (38... a5 $14 39. Rb3 h6) 39. Rc6 fxg5 $2 (39... Ra8 $16) 40. fxg5 $18 Ra8 {[#]} 41. Ra4 $1 h6 $2 (41... Rab8 {keeps fighting.} 42. Raxa6 (42. Rcxa6 Nc7 $18) 42... h6 43. gxh6 Rg3) 42. gxh6 Rg2 {intending ...Rh2+.} 43. e5 $2 (43. Bg5 $18) 43... dxe5 $14 44. Rg4 (44. Re4 $14 Rag8 45. Bf4 {[%mdl 64] Promotion} (45. Rxa6 $2 Nd6 $19)) 44... Rh2+ $11 45. Rh4 Rxh4+ 46. Kxh4 $14 {[%mdl 4096] Endgame Hoping for Bg5. KRB-KRN} Nd6 47. Bg5 ({White should try} 47. Kg4 $16) 47... Rb8 $1 $11 48. Rc7 Kg6 49. Bxe7 Nf5+ {[%mdl 64] [#] Double Attack} 50. Kg4 Nxh6+ 51. Kf3 Kf5 52. b4 e4+ 53. Ke3 Ke5 54. d6 Nf5+ 55. Kd2 (55. Ke2 $11) 55... Rxb4 $15 56. Kc3 Rd4 {aiming for ...e3.} 57. Rc5+ Ke6 58. Ra5 Rd3+ ({Don't play} 58... Nxe7 $6 59. dxe7 Rd3+ 60. Kb4 $11) ({Worse is} 58... Nxd6 59. Kxd4 Kxe7 60. Rxa6 $14) 59. Kc4 $2 {[%mdl 8192]} (59. Kc2 $17) 59... Nxd6+ $19 60. Bxd6 Rxd6 61. Rh5 Kf6 $2 ({Inferior is} 61... e3 62. Rh3 $11) (61... Rd1 $19 {...Kf6 is the strong threat.} 62. Kc3 Rd3+ 63. Kc2 Rd5 64. Rh6+ Ke5) 62. Rh6+ $1 $11 {The position is equal.} Ke5 63. Rxd6 $1 Kxd6 64. Kd4 {Accuracy: White = 64%, Black = 67%.} 1/2-1/2

[Event "Portugal Open 2020"]
[Site "Lisbon"]
[Date "2020.01.30"]
[Round "7.11"]
[White "Damaso, Rui"]
[Black "Baba, Masahiro"]
[Result "1-0"]
[WhiteElo "2420"]
[BlackElo "2274"]
[Annotator "TA"]
[PlyCount "67"]
[EventDate "2020.01.25"]
[EventType "swiss"]
[EventCountry "POR"]
[SourceTitle "playchess.com"]
[Source "ChessBase"]
[SourceQuality "1"]

{[%evp 11,67,12,8,10,7,15,11,6,9,14,17,20,14,8,33,33,33,1,30,0,9,0,0,0,0,0,46,35,33,0,42,37,87,103,56,31,279,229,364,344,420,412,460,474,635,595,1463,670,1452,1452,1338,1236,1456,1375,29989,29990,29986,6233]} 1. e4 c5 2. Nc3 d6 3. Nge2 Nf6 4. d4 cxd4 5. Nxd4 a6 6. Bd3 e5 7. Nf5 {B90: Sicilian Najdorf: Unusual White 6th moves, 6 Be3 Ng4 and 6 Be3 e5} Bxf5 8. exf5 d5 9. Bg5 {is the trending move.} Be7 10. Bxf6 $1 Bxf6 11. Be2 d4 {Hoping for ...Qa5.} 12. Ne4 {[#]} Nc6 $146 ({Predecessor:} 12... O-O 13. O-O Nd7 14. Bd3 Rc8 15. b4 Be7 16. Rb1 Qb6 17. Qf3 Rc7 18. Rfe1 Nf6 {1-0 (49) Damaso,R (2439)-Pacan Milej,K (2273) Lisbon 2019}) 13. O-O O-O 14. Bd3 Nb4 15. Qg4 Rc8 16. Rfc1 Qb6 17. b3 Be7 18. Bc4 $36 {[%mdl 2048] a3 is the strong threat. White is more active.} Qh6 19. a3 {aiming for f6.} Nc6 20. Re1 (20. f6 $5 Bxf6 21. Bxf7+ $1 {[%mdl 512]} Kh8 22. Bd5 $11) 20... Rfd8 21. g3 d3 22. Bxd3 Nd4 23. Red1 Bc5 $2 (23... Qc6 $1 $14) 24. b4 Ba7 (24... Bb6 {was worth a try.} 25. c4 Rc7) 25. c3 $18 Nc6 26. Bc4 Kf8 27. Rxd8+ Nxd8 28. Rd1 Rxc4 29. Rxd8+ Ke7 {[#]} 30. f6+ $1 {[%mdl 512]} Kxd8 (30... gxf6 31. Qd7#) 31. fxg7 Bxf2+ 32. Kg2 Be3 33. g8=Q+ {[%mdl 64] Double Attack} Ke7 {[#]} 34. Qb8 {Played: Qg4-f5} 1-0

[Event "Portugal Open 2020"]
[Site "Lisbon"]
[Date "2020.01.30"]
[Round "7.12"]
[White "Mihajlov, Sebastian"]
[Black "Savanovic, Aleksandar"]
[Result "1-0"]
[WhiteElo "2374"]
[BlackElo "2414"]
[Annotator "TA"]
[PlyCount "63"]
[EventDate "2020.01.25"]
[EventType "swiss"]
[EventCountry "POR"]
[SourceTitle "playchess.com"]
[Source "ChessBase"]
[SourceQuality "1"]

{[%evp 21,70,30,62,62,52,47,75,81,59,71,58,35,33,18,40,52,60,16,111,115,115,124,178,162,195,173,231,225,223,221,282,290,283,290,290,290,290,283,291,281,298,294,291,270,313,291,285,268,328,328,29995]} 1. e4 e5 2. Nf3 Nc6 3. Bc4 Bc5 4. O-O Nf6 5. d4 exd4 6. e5 d5 7. exf6 dxc4 8. fxg7 Rg8 9. Bg5 Be7 10. Re1 Be6 11. Bxe7 Kxe7 12. Re4 {[%cal Rf3d4] C56: Two Knights: 4 d4 exd4 5 0-0 Nxe4} d3 13. Nbd2 dxc2 14. Qxc2 {Threatens to win with Rxe6+.White is better.} Qd3 15. Qa4 {Qb5 is the strong threat.} Rxg7 16. Re3 {[#]} Qd5 $146 ({Predecessor:} 16... Qg6 17. g3 Kf8 18. Qa3+ Kg8 19. Ne4 f5 20. Neg5 Bd5 21. Rae1 Bxf3 22. Nxf3 f4 {½-½ (36) Petenyi,T (2442)-Talla,V (2388) Banska Stiavnica 2012}) 17. Nxc4 b5 18. Qa3+ b4 19. Qb3 Nd4 (19... Rd8 $11 {keeps the balance.} 20. g3 Kf8) 20. Qxb4+ $16 c5 21. Qc3 Rag8 (21... Qxf3 $16 22. Rxf3 {[%mdl 64] Pin} Ne2+ 23. Kf1 Nxc3 24. Rxc3 Rg4) 22. g3 $18 Nxf3+ 23. Rxf3 Qxc4 (23... Qd4 {was necessary.}) 24. Qf6+ $1 (24. Qe5 $2 Rg6 $17) 24... Kd7 {And now ...Rg5 would win.} 25. Rd1+ {[%mdl 1024] White has strong compensation.} Kc8 26. Rfd3 {White has a decisive advantage.} Qg4 {[#]} 27. Qe7 $1 {[%mdl 512] Rd8+ would kill now.} Kb8 28. Qd6+ $1 Kb7 29. Ra3 $1 {Intending Qa6+ and mate.} f6 {[#] Hoping for ...Qf5.} 30. Re1 $1 {[%cal Re1e6]} ({Don't go for} 30. f3 $2 Qf5 $19) 30... Bc4 {Strongly threatening ...Qf5.} 31. Qxc5 Kb8 {[#]} 32. b3 {Played: Ra3-a4} 1-0

[Event "Portugal Open 2020"]
[Site "Lisbon"]
[Date "2020.01.30"]
[Round "7.13"]
[White "Sousa, Andre Ventura"]
[Black "Bayramov, Zaur"]
[Result "1/2-1/2"]
[WhiteElo "2391"]
[BlackElo "2333"]
[Annotator "TA"]
[PlyCount "178"]
[EventDate "2020.01.25"]
[EventType "swiss"]
[EventCountry "POR"]
[SourceTitle "playchess.com"]
[Source "ChessBase"]
[SourceQuality "1"]

{[%evp 9,178,30,33,45,44,39,31,24,36,17,20,25,18,23,22,18,28,22,37,18,46,26,33,20,31,25,33,13,12,7,29,14,14,16,18,18,28,16,11,4,60,60,89,89,89,89,89,89,90,92,110,107,129,90,91,91,129,93,125,109,154,146,154,154,159,126,154,0,158,0,158,158,164,91,91,91,91,91,97,98,100,98,98,91,91,0,164,164,168,168,168,154,169,154,155,154,191,155,184,184,177,182,177,158,158,158,158,158,159,95,104,75,93,68,68,68,68,68,68,68,68,68,68,68,68,68,68,68,68,68,68,68,68,12,83,83,83,83,83,83,83,83,83,0,83,83,83,83,83,83,83,82,82,82,82,0,82,82,82,82,82,82,73,70,69,68,68,68,58,8,8]} 1. e4 g6 2. d4 Bg7 3. Nf3 c6 4. h3 d5 5. e5 f6 6. c4 {B06: Modern Defence} Nh6 7. Nc3 fxe5 {[#]} 8. dxe5 $146 {White is slightly better.} ({Predecessor:} 8. Nxe5 e6 9. Bxh6 Bxh6 10. Qf3 Rf8 11. Qe2 Qe7 12. g3 Nd7 13. f4 Nxe5 14. dxe5 {1-0 (72) Van der Wiel,J (2497)-Berkvens,J (2458) Netherlands 2007}) 8... e6 $1 9. Bd3 Nf7 10. Bf4 Nd7 {[%cal Rd7e5]} 11. cxd5 Ndxe5 12. Bxe5 Nxe5 13. Nxe5 Bxe5 14. dxc6 O-O 15. O-O bxc6 16. Bc4 Qf6 {...Qf4 is the strong threat.} 17. Qe2 Bd4 18. Rae1 Kh8 19. Ne4 Qh4 20. Qd2 $36 {[%mdl 2048] White has the initiative.} e5 21. Ng5 {And now Re4 would win.} Qf4 22. Qxf4 Rxf4 23. b3 {Threatening Nf7+.} Kg7 24. Re2 Bd7 (24... h6 $11 25. Nf3 Rxf3 26. gxf3 Bxh3) 25. Be6 $14 h6 26. Bxd7 hxg5 27. Bxc6 Rc8 28. Be4 a5 29. Kh2 Rc3 30. f3 Rf8 31. Rd1 Rfc8 32. Kg3 Kf6 33. Red2 Rd8 34. Kg4 Rc7 35. Rh1 Rh8 36. g3 Rc3 37. Rhd1 Rd8 38. Rh1 Rh8 39. Rhd1 Rd8 $1 40. Rf1 Rh8 41. Rc2 (41. Rh1 $18) 41... Rxc2 $16 42. Bxc2 {[%mdl 4096] Endgame KRB-KRB} Rc8 43. Be4 Be3 44. Rd1 Bd4 45. Rb1 Bc3 46. Rc1 Rc5 47. Rb1 (47. Bb7 $16) 47... Rc7 $2 (47... Rc8 $1 $11) 48. a3 $1 $18 Bd4 {[#]} 49. b4 $1 axb4 50. Rxb4 Bc5 51. Rb5 Be3 52. Rd5 Ke6 53. Ra5 Rc1 54. Ra6+ Ke7 55. Rxg6 Rg1 56. h4 gxh4 57. Kxh4 Bf2 58. Kh3 Ra1 59. Kg2 (59. g4 $142) 59... Bc5 $16 60. Bd5 Bd6 61. Rg7+ Kf6 62. Rf7+ (62. Rh7 {is more complex.} Bxa3 63. Rh6+ Kg7 64. Ra6 Bb2 65. Rc6) 62... Kg6 63. Rb7 {Threatens to win with Rb6.} Bxa3 64. Be4+ Kf6 65. Rb6+ Ke7 66. Kh3 Bc5 67. Rb5 Bd4 68. Kh4 Kf6 69. Rd5 Rh1+ 70. Kg4 Rg1 71. f4 ({White should try} 71. Rd6+ $14 Ke7 72. Rg6) 71... exf4 (71... Bf2 $11) 72. Rxd4 $11 {KRB-KR} Ke5 73. Ra4 Rxg3+ 74. Kh4 Rg8 75. Bb1 Rg1 76. Be4 Rg8 $1 77. Bf3 Rh8+ 78. Bh5 Rg8 79. Kh3 Rg3+ {[#]} 80. Kh2 $1 Rg8 81. Rb4 Rg3 82. Ra4 Rg8 $1 83. Bd1 Rg3 84. Bc2 Rc3 85. Re4+ Kd5 86. Re2 Rg3 87. Bf5 Re3 88. Ra2 Rg3 89. Rg2 Ke5 {Accuracy: White = 85%, Black = 86%.} 1/2-1/2

[Event "Portugal Open 2020"]
[Site "Lisbon"]
[Date "2020.01.30"]
[Round "7.14"]
[White "Sabuk, Piotr"]
[Black "Martin Duque, Jesus"]
[Result "1-0"]
[WhiteElo "2360"]
[BlackElo "2447"]
[Annotator "TA"]
[PlyCount "65"]
[EventDate "2020.01.25"]
[EventType "swiss"]
[EventCountry "POR"]
[SourceTitle "playchess.com"]
[Source "ChessBase"]
[SourceQuality "1"]

{[%evp 18,65,30,41,49,44,47,43,54,52,56,46,44,42,39,27,34,29,66,75,80,60,199,198,199,204,175,134,125,139,130,117,133,127,157,149,235,181,295,295,264,278,388,382,406,405,549,493,653,640]} 1. d4 Nf6 2. c4 e6 3. Nf3 c5 4. d5 exd5 5. cxd5 d6 6. Nc3 g6 7. h3 Bg7 8. Bf4 O-O 9. e3 a6 10. a4 Qe7 {A61: Modern Benoni: Nf3 without early e4} 11. Be2 Nbd7 12. O-O Rb8 {White is slightly better.} 13. Re1 Ne8 14. e4 Ne5 15. Nxe5 (15. a5 b5 16. axb6 Rxb6 17. Qd2 Nxf3+ 18. Bxf3 {½-½ (66) Karjakin,S (2748)-Caruana,F (2819) Zagreb 2019}) 15... Bxe5 16. Bh6 Ng7 {[#]} 17. Qd2 $146 {[%mdl 2048] White is pushing.} ({Predecessor:} 17. f4) 17... f5 18. exf5 Bxf5 19. Bf1 Qh4 {[#]} (19... Rbe8 $14) 20. Rxe5 $1 $18 dxe5 21. g4 Bxg4 22. hxg4 Qxg4+ 23. Bg2 Nf5 {aiming for ...Nh4!} 24. f3 ({Not} 24. Bxf8 $2 Nh4 $19) 24... Qd4+ 25. Qxd4 cxd4 26. Bxf8 dxc3 (26... Kxf8 $16 27. Ne4 Rd8) 27. Bb4 c2 (27... cxb2 {keeps fighting.} 28. Rb1 b5) 28. Rc1 Nd4 {Hoping for ...Ne2+.} 29. Kf2 Rd8 30. Bc3 Rxd5 {[#]} 31. f4 $1 {[%mdl 512]} Rc5 (31... exf4 32. Bxd5+) 32. fxe5 Ne6 33. Bxb7 {Accuracy: White = 92%, Black = 43%.} 1-0

[Event "Portugal Open 2020"]
[Site "Lisbon"]
[Date "2020.01.30"]
[Round "7.15"]
[White "Gahan M G"]
[Black "Jaracz, Pawel"]
[Result "0-1"]
[WhiteElo "2245"]
[BlackElo "2466"]
[Annotator "TA"]
[PlyCount "62"]
[EventDate "2020.01.25"]
[EventType "swiss"]
[EventCountry "POR"]
[SourceTitle "playchess.com"]
[Source "ChessBase"]
[SourceQuality "1"]

{[%evp 9,62,-74,-40,-94,-17,-50,-34,-60,-36,-47,0,0,-21,-48,-30,-25,0,16,0,-56,2,0,0,0,0,-22,-18,-21,-18,-24,0,-39,-41,-62,-62,-62,-62,-62,-65,-64,-64,-106,-102,-197,-209,-189,-204,-589,-582,-682,-666,-734,-714,-5365,-5362]} 1. e4 e6 2. b3 d5 3. Bb2 dxe4 4. Nc3 Nf6 5. g4 Bd7 6. Bg2 {[#] C00: French: Unusual White 2nd moves} (6. g5 $15 Nd5 7. Nxe4) 6... Bc6 ({Black should play} 6... Nc6 $1 $17) 7. Qe2 $11 {[%cal Rc3e4]} h5 8. gxh5 $146 {Black is slightly better.} ({Predecessor:} 8. g5 Nd5 9. Nh3 Nxc3 10. Bxc3 Qd5 11. g6 fxg6 12. Qe3 Qf5 13. Ng5 {0-1 (34) Gelashvili,T (2506)-Socko,B (2559) Panormo 2001}) 8... Bb4 9. O-O-O {[%cal Rc3e4]} Bxc3 10. dxc3 Nbd7 11. f3 {[%cal Rf3e4]} Qe7 12. fxe4 Qc5 13. c4 O-O-O 14. Kb1 (14. Bf3 $11) 14... Nxh5 (14... Qxh5 $15 15. Bf3 Qh4) 15. Nh3 e5 16. Bf3 g6 17. Rhf1 Qe7 18. Qe3 b6 19. Rd2 f6 20. Ng1 Nf4 21. Ne2 Rxh2 22. Nxf4 exf4 23. Qxf4 Rxd2 24. Qxd2 Ne5 25. Qe3 Nxf3 {[%mdl 64] Overworked Piece} 26. Rxf3 (26. Qxf3 $17 f5 27. Qf4) 26... Rd1+ $19 ({Weaker is} 26... Bxe4 27. Bxf6 Rd1+ 28. Kb2 $11) ({Resist} 26... Qxe4 27. Qxe4 Bxe4 28. Rxf6 $15) 27. Bc1 Bxe4 {Strongly threatening ...Re1!} 28. c5 $2 {[#]} (28. Rg3) 28... Re1 $1 {[%mdl 512] Black is clearly winning.} 29. Qf4 (29. Qxe1 Bxc2+) 29... Bxf3 30. Qxf3 Qxc5 {Hoping for ...Qg5.} 31. Qxf6 Qe3 {Accuracy: White = 40%, Black = 53%.} 0-1

[Event "Portugal Open 2020"]
[Site "Lisbon"]
[Date "2020.01.30"]
[Round "7.16"]
[White "Stella, Andrea"]
[Black "Santos, Jose Guilherme B Lim"]
[Result "0-1"]
[WhiteElo "2465"]
[BlackElo "2211"]
[Annotator "TA"]
[PlyCount "106"]
[EventDate "2020.01.25"]
[EventType "swiss"]
[EventCountry "POR"]
[SourceTitle "playchess.com"]
[Source "ChessBase"]
[SourceQuality "1"]

{[%evp 14,107,60,66,72,72,115,60,83,77,69,58,87,51,79,60,67,63,67,-6,43,0,0,0,16,22,27,-12,-12,-12,-8,-12,0,0,0,0,0,0,0,-15,-22,-34,-35,-45,0,-51,-54,-68,-70,-147,-146,-133,-134,-131,-135,-155,-156,-166,-165,-221,-226,-266,-273,-308,-312,-289,-315,-429,-441,-397,-170,-166,-8,-10,-8,-8,0,0,0,0,29970,29971,29965,29952,5211,6665,5106,29941,5114,5114,1577,1026,29981,29982,29986,29987]} 1. d4 Nf6 2. Nf3 e6 3. g3 b6 4. Bg2 Bb7 5. O-O Be7 6. c4 d6 7. Nc3 O-O 8. d5 exd5 {E18: Queen's Indian: Old Main Line (4 g3 Bb7 5 Bg2 Be7 6 0-0 0-0 7 Nc3)} 9. cxd5 b5 {[#]} 10. Nxb5 $146 (10. Qb3 $16) ({Predecessor:} 10. Qb3 a6 11. Nd4 Nbd7 12. a3 Nb6 13. e4 Nfd7 14. Bf4 Bf6 15. Rad1 Re8 16. Qc2 Bxd4 17. Rxd4 {1-0 (41) Agrest,E (2584)-Eriksson,J (2280) Skara 2002}) 10... Nxd5 {White is slightly better.} 11. Nfd4 {Black must now prevent Qb3.} Qd7 12. e4 Nb6 13. Re1 Bf6 14. a4 a6 15. Nc3 Nc6 16. Nxc6 (16. Nf5 $14) 16... Bxc6 (16... Bxc3 $5 17. bxc3 Bxc6 $11) 17. a5 Bxc3 18. bxc3 Na4 19. c4 Rab8 20. f3 Nc5 21. Be3 Qe6 22. Qe2 Rb4 23. Bxc5 dxc5 24. Qf2 Qe5 25. f4 Qd4 26. Qxd4 cxd4 27. Bf1 Rd8 28. Bd3 Rdb8 (28... Rb3 $5 {[%cal Rb3d3]} 29. Red1 f6 $11) 29. c5 (29. Reb1 $11) 29... Bb5 $36 {[%mdl 2048] Black is more active.} 30. Red1 Kf8 31. e5 (31. Kf2 $15) 31... Bxd3 $17 32. Rxd3 {[%mdl 4096] Endgame [#] KRR-KRR} Ke7 $1 33. Rad1 Rd8 34. Kf2 Ke6 35. Kf3 Kd5 36. c6 (36. R3d2 $142) 36... Rdb8 $19 ({Not} 36... Kxc6 37. Rc1+ Kb7 38. Ke4 $15) 37. Kg4 R8b5 38. Kf5 Rxa5 39. g4 Rc5 40. Rh3 h6 41. g5 hxg5 (41... Rxc6 $142 42. gxh6 Rxh6 43. Rxh6 gxh6) 42. Rh7 Rxc6 $2 ({Black should try} 42... g6+ $19 43. Kxg5 Ke6) 43. Rxg7 $11 gxf4 44. Rxf7 {Hoping for Rd7+.} f3 {Threatens to win with ...Rc2.} 45. Rd7+ Kc5 46. e6 {aiming for e7.} Rbb6 $2 {[%mdl 8192] [#]} (46... Rb3 $11) 47. Rc1+ Kb5 48. Rd5+ Kb4 49. Rxd4+ Ka5 50. Rxc6 Rxc6 51. e7 f2 52. Rf4 Rc5+ 53. Kf6 Rc1 {Played: Rc5-c4} 0-1